| 000 | 00918nam a22002537a 4500 | ||
|---|---|---|---|
| 008 | 090123t xxu||||| |||| 00| 0 eng d | ||
| 010 | _aENG-92593 | ||
| 020 |
_c150.00 _a9788125922100 |
||
| 020 |
_c150.00 _a8125922105 |
||
| 035 | _aEN-76126 | ||
| 037 | _bDBAD / PUB | ||
| 040 |
_adpl _bEnglish |
||
| 082 | _a005.3 | ||
| 100 | _aAggarwal, Meera | ||
| 245 |
_aLog on to computer applications 10 / _cby Meera Aggarwal [and] Manjeet Jauhar |
||
| 250 | _arev. ed | ||
| 260 |
_aNew Delhi _bMadhubun Educational Books _c2007 |
||
| 270 |
_a576, Masjid Road, Jangpura _bNew Delhi _e110014 |
||
| 300 |
_a320p. _c24m (pbk) |
||
| 650 | _2computer software. | ||
| 700 | _aJauhar, Manjeet | ||
| 942 |
_2ddc _cEN _mAGG _h005.3 |
||
| 999 |
_c22369 _d22369 |
||